000 00313nam a2200133Ia 4500
008 150201s2011 xx 000 0 und d
082 _a618.92
_bP11K
100 _aKHAN, MR
245 _aESSENTIALS OF PEDIATRICS
260 _bELSEVIER
_aDELHI
_c2011
300 _a1-538
650 _aPAEDIATRICS
942 _2ddc
_cBK
999 _c1295
_d1295